Simboli astronomici dei Pianeti del Sistema solare - Statistics

Statistiche generali
  • Questo quiz è stato fatto 49 volte
  • Il punteggio medio è 7 su 8
Statistiche sulle risposte
con Immagini Risposta % Corretto
Venere
98%
Nettuno
95%
Giove
93%
Marte
93%
Terra
93%
Urano
93%
Saturno
91%
Mercurio
89%
Nessun quiz corrispondente trovato
Distribuzione punteggi
Percentuale di utenti per punteggio
Percentile per numero di risposta
I tuoi punteggi nel tempo
Non hai fatto questo quiz